| 000 | 00570nam a2200193Ia 4500 | ||
|---|---|---|---|
| 008 | 131103s9999 xx 000 0 und d | ||
| 040 | _aLoreto College | ||
| 041 | _aEnglish | ||
| 082 |
_a942.08/CEC _bLCLIB/15763,15799 |
||
| 100 | _aCecil, Lady Gwendolen | ||
| 245 |
_aLife of Robert Marquis of salisbury _cLady Gwendolen Cecil |
||
| 260 |
_aLondon _bHodder & Stoughton _c[19?] |
||
| 300 |
_aV.1 _c 22cm. |
||
| 504 | _aIncludes bibliographical references & index | ||
| 650 | _aHistory | ||
| 651 | _aEngland - History | ||
| 850 | _aLCLIB/942.08/CEC | ||
| 942 | _cBK | ||
| 999 |
_c25067 _d75546 |
||